LEADER 01112nam a2200265 i 4500 001 000000156186 003 CaOOAMICUS 005 20061129000000.0 008 061129s1953 it u000 u ita u 013 $a133541 040 $aSeMil$bita 100 1 $aPaoli, Arturo,$c.$0(OLS)http://semarc/name/10698 245 10$aDialoghi dello spirito /$cArturo Paoli. 260 $aRoma :$bAVE,$c1953. 300 $a170 p. ;$c20 cm. 490 0 $aQuaderni di Gioventł professionisti 650 4$aCristianesimo - Meditazioni.$0(OLS)http://semarc/subject/1977 650 4$aGiovani - Spiritualitą.$0(OLS)http://semarc/subject/8226 650 4$aGiovani - Meditazioni.$0(OLS)http://semarc/subject/18827 830 0$aQuaderni di Gioventł professionisti.$0(OLS)http://semarc/title/22379 850 $aSeMil 852 $aSeMil$W1$xVenegono$y1$m3F II 413$j107988$B107988$CSeMilBibl$Z2$F120500 $81 961 $aOmaggio: Bestetti don Dante 996 $6245$aDialoghi dello spirito$9(OLS)http://semarc/title/228914 996 $6260$aRoma :$bAVE$9(OLS)http://semarc/publisher/30251 LEADER 00981nam a2200205 i 4500 001 000000032243 003 CaOOAMICUS 005 20180830125449.0 008 180830s1843 it u000 u ita u 040 $aSeMil$bita 100 1 $aScaramelli, Giovanni Battista,$c.$0(OLS)http://semarc/name/9722 245 10$aDirettorio ascetico indirizzato ai direttori delle anime /$copera del padre Gio. Battista Scaramelli ... nella quale s'insegna il modo di condurre le anime per vie ordinarie della grazia alla perfezione cristiana. 260 $aBassano :$bTipografia Remondini,$c1843-1844. 300 $a2 v. ;$c25 cm. 500 $aLegati insieme i 2 vol. 650 4$aAscetica e mistica - Manuali.$0(OLS)http://semarc/subject/4031 774 0 $tTomo 1.$g1$w()243818 774 0 $tTomo 2.$g2$w()243819 996 $6245$aDirettorio ascetico indirizzato ai direttori delle anime$9(OLS)http://semarc/title/43747 996 $6260$aBassano :$bTipografia Remondini$9(OLS)http://semarc/publisher/38102 LEADER 01208nam a2200265 i 4500 001 000000196826 003 CaOOAMICUS 005 20140527000000.0 008 140527s2014 it u000 u ita u 013 $a175509 020 $a978-88-10-20370-5 040 $aSeMil$bita 100 1 $aSavagnone, Giuseppe,$d<1944- >.$0(OLS)http://semarc/name/33058 245 13$aIl Vangelo nelle periferie :$bcomunicare la fede nella societą liquida /$cGiuseppe Savagnone. 260 $aBologna :$bEDB,$c2014. 300 $a219 p. ;$c22 cm. 490 0 $aFede e annuncio : per un aggiornamento teologico e pastorale della predicazione ;$v72 650 4$aFede - Comunicazione.$0(OLS)http://semarc/subject/11022 650 4$aFede - Sec. 20.-21.$0(OLS)http://semarc/subject/9333 830 0$aFede e annuncio ;$v72.$0(OLS)http://semarc/title/11026 850 $aSeMil 852 $aSeMil$W1$xVenegono$y1$m2F III 642$j147389$B147389$CSeMilBibl$Z2$F158940 $81 996 $6020$a978-88-10-20370-5$9(OLS)http://semarc/number/188835 996 $6245$aIl Vangelo nelle periferie :$bcomunicare la fede nella societą liquida$9(OLS)http://semarc/title/284199 996 $6260$aBologna :$bEDB$9(OLS)http://semarc/publisher/29669